Continua la canzone - musica italiana - Statistics

Statistiche generali
  • Questo quiz è stato fatto 815 volte
  • Il punteggio medio è 16 su 30
Statistiche sulle risposte
Autore Testo Risposta % Corretto
Lazza Aiutami a sparire come... Cenere
96%
Achille Lauro Per sempre noi incoscienti... Giovani
89%
Max Pezzali Gli anni in motorino sempre in... Due
87%
coma_cose Ma tu volevi solo ..., ... Pensavi solo ai...,... cuoricini
84%
Jovanotti A te che sei...sei Semplicemente
81%
Rocco hunt Fai finta che sei a un...dalla luna Passo
79%
Giorgia Non so più quante volte ti ho... cercato
78%
Nomadi Io...che son io Vagabondo
78%
Annalisa Dove vai, te ne vai, quella volta non dovevi andare via ero... Bellissima
75%
Tony Effe Metto benzina, metto... gasolina
74%
Clementino e cerco la fortuna guardando la... luna
67%
Irama ...sarai...sarò Ovunque
66%
Olly Ma sai che questa sera... Balorda nostalgia
64%
Mina sono fatti tutti così gli...e l’amore Uomini
61%
Blanco Ed io volevo dirtelo, ma dirtelo di... pancia
50%
Adriano Celentano io lo so mi contraddico, ma...sei tu per me Preziosa
50%
Dj Matrix Voglio tornare negli anni Novanta, le...in bolla e la gente che salta disco
48%
Tiziano Ferro Ed ero contentissimo quando guardando... Amsterdam
45%
Elodie Solo con te io...tutta la notte Sospiro
43%
Marracash Lei è nature, no rifatta... labbra ambra Morbidissime
42%
Sfera Ebbasta consumo le suole, dietro ad un... più grande di me Sogno
33%
Michele Zarrillo Amore mio, come farò a...a vivere Rassegnarmi
31%
Emma Marrone Questa vita è forte, trova le risposte, E tanto...tutto Dimentico
30%
Alex Britti Perché è...provarci solo per portarti a letto Squallido
22%
Claudio Baglioni Ti presento, un vecchio amico mio, Il...di me per sempre Ricordo
20%
Shiva Non so se è un gioco di sguardi tra i...o tra me e te Contanti
16%
Geolier Ma staje...pure si staje cu'mmé Sola
16%
Samurai jay Si parlerà di noi, come fossimo... Eroi
12%
Gigi D'alessio E cosi lontani noi...ancora a noi Pensiamo
11%
Marco Mengoni Fammi...ancora, portami dove si vola, dove non si cade mai Respirare
9%
Nessun quiz corrispondente trovato
Distribuzione punteggi
Percentuale di utenti per punteggio
Percentile per numero di risposta
I tuoi punteggi nel tempo
Non hai fatto questo quiz